000 00828nam a22002537a 4500
001 BR8702707
003 BR-BrBNA
005 20230928092526.0
007 ta
008 230509b bl.||||| |||| 00| 0 por d
040 _aBR-BrBNA
_bpor
_cBiblioteca Nacional de Agricultura
041 _a(Por)
072 _aE13
_b/G514
090 _ E13 BR8702707
110 1 _aComissao de Desenvolvimento do Vale do Jequitinhonha, Belo Horizonte, MG (Brasil)
_91974
245 1 _aProjeto de atendimento suplementar ao Vale do Jequitinhonha, Belo Horizonte - abril/84
260 3 _aBelo Horizonte, MG (Brasil):
_c1984.
300 _a19 p.
500 _a(*) Documento disponível no(a) CODEVALE, Belo Horizonte, MG (Brazil)
650 _aCREDITO RURAL
650 _aMINAS GERAIS
909 _a202309
_bLucia
_c55
_dLucia Elande
942 _cBK
999 _c39602
_d39602